zpět

Detail výsledku týmu

Na Dobrým místě, Úvaly

Datum a čas kvízu

30 Celkem bodů Celkový počet nahraných bodů na tomto kvízu bez doplňovacích otázek.
8. Pořadí na kvízu Konečné umístění týmu na tomto kvízu.

Zaznamenané odpovědi

# Otázka Odpověď Body Výsledky
1. Vláda minulý týden představila... úkol 0
2. Federální soud USA propustil n... Ronalda Reagana 0
3. Jedna z hlavních postav animov... (Buzz) Rakeťák 1
4. V Moskvě bylo otevřeno prvních... Chutně a tečka / Vkusno & točka 0
5. Basketbalová NBA již zná svého... Golden State Warriors 0
6. V následujících pěti otázkách... Vykoupení z věznice Shawshank; Tim Robbins a Morgan Freeman 0
7. Francouzská komedie Drž hubu!... Ruby, Quentin 0
8. V roce 2013 byl natočen životo... James Hunt, Niki Lauda 0.5
9. Herci Zdeněk Svěrák a Daniela... Na samotě u lesa, Akumulátor I, Vratné lahve, Betlémské světlo 1
10. Přiřaďte k sobě herecké předst... 1D 2A 3B 4C 1